000 00841nam a2200241 i 4500
001 172478
003 ES-MaACL
005 20250804082048.0
008 090709s1955 mx |||| | spa d
080 _a164
100 0 _aFerrater Mora, José.
_950338
245 1 0 _aLógica matemática /
_cJosé Ferrater Mora y Hugues Leblanc.
250 _a1ª ed.
260 _aMéxico D.F. :
_bFondo de Cultura Económica,
_c1955.
300 _a207 p. :
_bil. diagr. ;
_c22 cm.
490 1 _aSección de obras de filosofía
504 _aIncluye referencias bibliográficas e índices.
650 7 _aLógica matemática
_2embne
_914697
700 0 _aLeblanc, Hugues.
_971019
830 0 _aSección de obras de filosofía
_9178631
852 _aES-MaACL
_jE-12792
_9R.139480
_z.- Biblioteca Jacinto Martínez Lacalle
999 _c172478
_d172478